| 000 | 00807nam a2200229Ia 4500 | ||
|---|---|---|---|
| 001 | 1629 | ||
| 003 | GE_BSU | ||
| 008 | 181216s||||||||xx |||||||||||||| ||und|| | ||
| 020 | _a9789941412523 | ||
| 040 | _cGE_BSU | ||
| 080 | _a629.5.082.3 | ||
| 100 | _aმელქაძე, თამაზ | ||
| 245 | _aგემის ელექტროენერგეტიკული სისტემები | ||
| 245 | _cრედ. როლანდ რიჩროვი | ||
| 260 | _aბათუმი | ||
| 260 | _bშოთა რუსთაველის სახ. უნ–ტი | ||
| 260 | _c2011 | ||
| 300 | _a184 გვ.19 სმ. | ||
| 541 | _h7 ლ. | ||
| 653 | _aგემის ელექტროენერგეტიკული სისტემები | ||
| 942 | _cBK | ||
| 999 |
_c35750 _d35750 |
||